000 00348nam a2200133Ia 4500
008 151001s9999||||xx |||||||||||||| ||und||
100 _aसुभाष मुखोपाध्याय
245 _aकवी ने कहा
250 _a1
260 _bआरोग्य निधी
260 _c2012
300 _a112
365 _b21
999 _c999112
_d999109